| 000 | 00000nam##2200000za#4500 |
| 001 | 9.528010 |
| 003 | CaOODSP |
| 005 | 20200331225118 |
| 007 | ta |
| 008 | 150406|1997||||xxc||||| f|0| 0 eng|d |
| 020 | |a0-660-60088-9 |
| 040 | |aCaOODSP|beng |
| 041 | |aeng |
| 041 | |afre |
| 043 | |an-cn--- |
| 086 | 1 |aBT31-2/1998-III-33 |
| 110 | 1 |aCanada. |bTreasury Board. |
| 245 | 10|aOffice of the Chief Electoral Officer |
| 260 | |aOttawa - Ontario : |bTreasury Board of Canada Secretariat |c1997. |
| 300 | |aEnglish text, 49p. : |bfig., graphs, tables ; |c28 cm. |
| 490 | 1 |a1997-98 estimates, part III: Expenditure plan |
| 546 | |aBilingual |
| 563 | |aSoftcover |
| 590 | |a97-08|b1997-02-21 |
| 776 | 0#|tOffice of the Chief Electoral Officer, 1997-98 estimates, part III, expenditure plan |w(CaOODSP)9.567534 |
| 776 | 0#|tBureau du Directeur général des élections, budget des dépenses 1997-1998, partie III, plan de dépenses |w(CaOODSP)9.598868 |
| 792 | |tBureau du directeur général des élections |efre|w(CaOODSP)9.528011 |
| 830 | #0|a1997-98 estimates, part III: Expenditure plan.|w(CaOODSP)9.508958 |